000 01010nam a2200277 i 4500
001 000005060
003 DO-SdBNP
005 20260413112621.0
007 ta
008 090729s1979 dr b 000 0 spa d
040 _aDO-SdBNP
_bspa
_cBNPHU
_erda
041 _aspa
082 4 _a330.97293
_bB333h
_222
100 1 _aBatista del Villar, Bolivar
_d1936-
_914548
_4aut.
_eautor
245 1 0 _a¿Hacia dónde va el cambio? /
_cBolivar Batista del Villar.
264 4 _aSanto Domingo :
_bEditora Alfa & Omega,
_c©1979.
300 _a352 páginas :
_bmapa ;
_c20 cm.
336 _atexto
_btxt
_2rdacontent
337 _asin mediación
_bn
_2rdamedia
338 _avolumen
_bnc
_2rdacarrier
500 _aIncluye referencias bibliográficos al final de los capítulos
500 _aIncluye anexos : Leyes, decretos, Resoluciones y Contratos
651 7 _aRepública Dominicana
_xCondiciones económicas
_2LIBRUNAM
_9281
651 7 _aRepública Dominicana
_xPolítica y gobierno
_2LIBRUNAM
_945
942 _2ddc
_cLBS1
999 _c4864
_d4864